000 00802nam a22002297a 4500
999 _c145609
_d145609
005 20181015151010.0
010 _aB-682302-309 ENG-123092
020 _a9789386050823
_c450.00
035 _aB-682302-309 EN-106624
037 _bPragati
_adpl
037 _bDBAD/PUB.
082 _a616.994092
082 _a808.883 (DBAD)
100 _a Rahman, Fazlur
245 _aThe Temple Road:
_cby Fazlur Rahman
_ba doctor's journey /
260 _aNew Delhi
_bSpeaking Tiger
_c2016
270 _a4381/4, Ansari Road, Daryaganj
_bNew Delhi
_e110002
300 _a304p.
_b21cm(pbk)
700 _aPinto,Jerry
942 _2ddc
_cEN
_hN
_kRAH